[Event "C.to Europeo U20 femminile"]
[Site "Aviles ESP"]
[Date "2000.08.16"]
[Round "1"]
[White "Jurkiewicz, Katarzyna"]
[Black "Goi, Veronika"]
[Result "1-0"]
[WhiteElo "2184"]
[BlackElo "1633"]
[PlyCount "81"]
[EventDate "2000.08.16"]

1. f4 Nf6 2. Nf3 e6 3. g3 d5 4. Bg2 c5 5. O-O Nc6 6. d3 Be7 7. Na3 h5 8. h3 Bd7
9. c4 a6 10. Qe1 Qc7 11. Bd2 O-O-O 12. Rb1 Rhg8 13. Nc2 dxc4 14. dxc4 Ne4 15.
Be3 g5 16. Nxg5 Nxg3 17. Qxg3 Bxg5 18. Qf2 Be7 19. Bxc5 Bxc5 20. Qxc5 e5 21. f5
e4 22. Kh1 Rg3 23. Qf2 Rdg8 24. Ne3 Qe5 25. Rg1 Qc5 26. Ng4 Qxf2 27. Nxf2 Bxf5
28. Kh2 e3 29. Nd3 Nd4 30. Bxb7+ Kxb7 31. Rxg3 Rxg3 32. Kxg3 Nxe2+ 33. Kf3 Bxd3
34. Rd1 Bxc4 35. Kxe3 Ng3 36. Kf4 Ne2+ 37. Kf3 Kc6 38. b3 Bb5 39. a4 Kc5 40.
axb5 Nd4+ 41. Rxd4 1-0

[Event "C.to Europeo U20 femminile"]
[Site "Aviles ESP"]
[Date "2000.08.17"]
[Round "2"]
[White "Goi, Veronika"]
[Black "Sperdokli, Elli"]
[Result "0-1"]
[WhiteElo "1633"]
[BlackElo "2118"]
[PlyCount "56"]
[EventDate "2000.08.16"]

1. d4 f5 2. Bf4 Nf6 3. Nd2 g6 4. h3 d6 5. Ngf3 Bg7 6. e3 O-O 7. Bc4+ e6 8. Ng5
Qe8 9. Qe2 h6 10. Ngf3 Bd7 11. O-O-O a5 12. Rdg1 b5 13. Bd3 Nd5 14. g4 e5 15.
dxe5 dxe5 16. Nxe5 Bxe5 17. Bxh6 Rf6 18. gxf5 Bxf5 19. e4 Bf4 20. Bxb5 Qxe4 21.
Qxe4 Bxe4 22. f3 Bxf3 23. Bxf4 Bxh1 24. Bxc7 Nxc7 25. Bd3 Bd5 26. Bxg6 Kf8 27.
h4 Nd7 28. c4 Ne5 0-1

[Event "C.to Europeo U20 femminile"]
[Site "Aviles ESP"]
[Date "2000.08.18"]
[Round "3"]
[White "Chasovnikova, Eugenia"]
[Black "Goi, Veronika"]
[Result "1-0"]
[WhiteElo "2251"]
[BlackElo "1633"]
[PlyCount "53"]
[EventDate "2000.08.16"]

1. d4 d5 2. c4 c6 3. Nf3 Nf6 4. e3 Bf5 5. cxd5 cxd5 6. Ne5 Nbd7 7. Nc3 e6 8. g4
Be4 9. f3 Bg6 10. h4 h5 11. Nxg6 fxg6 12. Bd3 Kf7 13. g5 Bd6 14. gxf6 Bg3+ 15.
Ke2 Qxf6 16. Qg1 Bc7 17. Qg5 a6 18. Bd2 Qxg5 19. hxg5 h4 20. Rh3 Rh5 21. f4 Nb6
22. Rah1 Rah8 23. Be1 Nc8 24. Rxh4 Ne7 25. Kf3 Ba5 26. Rxh5 gxh5 27. Nxd5 1-0

[Event "C.to Europeo U20 femminile"]
[Site "Aviles ESP"]
[Date "2000.08.23"]
[Round "7"]
[White "Palotai, Piroska"]
[Black "Goi, Veronika"]
[Result "1-0"]
[WhiteElo "2039"]
[BlackElo "1633"]
[PlyCount "53"]
[EventDate "2000.08.16"]

1. e4 e6 2. d4 d5 3. Nd2 Nf6 4. e5 Nfd7 5. Bd3 c5 6. c3 Nc6 7. Ne2 cxd4 8. cxd4
f6 9. exf6 Nxf6 10. O-O Bd6 11. Nf3 O-O 12. Bf4 Bxf4 13. Nxf4 Ne4 14. Qc1 Qd6
15. g3 e5 16. dxe5 Nxe5 17. Nxe5 Qxe5 18. Qe3 Re8 19. b3 Kh8 20. Rfe1 Qd6 21.
f3 d4 22. Qe2 g5 23. Nh5 Bd7 24. Bxe4 Rac8 25. Rad1 Red8 26. Qd2 d3 27. Qb2+
1-0

[Event "C.to Europeo U20 femminile"]
[Site "Aviles ESP"]
[Date "2000.08.24"]
[Round "8"]
[White "Goi, Veronika"]
[Black "Sanchez Martin, Vanessa"]
[Result "1/2-1/2"]
[WhiteElo "1633"]
[BlackElo "2039"]
[PlyCount "107"]
[EventDate "2000.08.16"]

1. e4 d5 2. exd5 Qxd5 3. Nc3 Qa5 4. d4 c6 5. Nf3 Nf6 6. Bc4 Bf5 7. Bd2 e6 8.
Nd5 Qd8 9. Nxf6+ gxf6 10. Bb3 Bg4 11. h3 Bxf3 12. Qxf3 Qxd4 13. O-O-O Nd7 14.
Bg5 Qe5 15. Bf4 Qf5 16. g4 Qa5 17. Bd2 Bb4 18. c3 Be7 19. Qg3 O-O-O 20. Kb1 Nc5
21. Bc2 Qb5 22. Bc1 h5 23. gxh5 Rxh5 24. Rxd8+ Bxd8 25. Qg8 Na4 26. Ka1 Nc5 27.
Qxf7 Rd5 28. Be3 e5 29. Bxc5 Qxc5 30. Bf5+ Kb8 31. Qe6 a5 32. f3 a4 33. Be4 Rd2
34. Rb1 Kc7 35. a3 Kb8 36. h4 Ba5 37. Rc1 Qf2 38. Qxf6 Rxb2 39. Qxe5+ Bc7 40.
Qh8+ Ka7 41. Qd4+ Qxd4 42. cxd4 Rh2 43. Rc4 Rxh4 44. Rxa4+ Kb8 45. Rb4 Bd6 46.
Rb3 Kc7 47. Ka2 Rh2+ 48. Rb2 Rxb2+ 49. Kxb2 c5 50. dxc5 Bxc5 51. a4 b6 52. Kb3
Kd6 53. Kc4 Bf2 54. Kb5 1/2-1/2

[Event "C.to Europeo U20 femminile"]
[Site "Aviles ESP"]
[Date "2000.08.25"]
[Round "9"]
[White "Goi, Veronika"]
[Black "Fernandez Blanco, Rula Olga"]
[Result "0-1"]
[WhiteElo "1633"]
[BlackElo "2096"]
[PlyCount "72"]
[EventDate "2000.08.16"]

1. e4 e5 2. Nf3 Nf6 3. Bc4 Nc6 4. Nc3 Bb4 5. O-O O-O 6. Re1 Bxc3 7. dxc3 h6 8.
Qd3 Nh7 9. b4 d6 10. Be3 Kh8 11. Rad1 f5 12. b5 fxe4 13. Qxe4 Bf5 14. Qd5 Nf6
15. Qd2 Ne4 16. Qc1 Na5 17. Nxe5 Nxc4 18. Nxc4 Nxc3 19. Rd2 Ne4 20. Rdd1 Qf6
21. Bd4 Qg6 22. Qa3 Ng5 23. Re7 Ne6 24. Qg3 Nxd4 25. Rxd4 Rae8 26. Rxe8 Rxe8
27. Ne3 Qf6 28. c3 Qf7 29. Ra4 Qd5 30. h3 Rxe3 31. Qh4 Rxc3 32. Rxa7 Rc1+ 33.
Kh2 Qe5+ 34. f4 Qe3 35. Ra8+ Kh7 36. Qd8 Qxf4+ 0-1

[Event "C.to Europeo U20 femminile"]
[Site "Aviles ESP"]
[Date "2000.08.27"]
[Round "11"]
[White "Goi, Veronika"]
[Black "Ornstein, Petra"]
[Result "1-0"]
[WhiteElo "1633"]
[BlackElo "2095"]
[PlyCount "37"]
[EventDate "2000.08.16"]

1. e4 d6 2. d4 Nf6 3. Bd3 g6 4. f4 e5 5. Nf3 exd4 6. Nxd4 Bg4 7. Nf3 Bg7 8. c3
O-O 9. Be3 Re8 10. Nbd2 Nbd7 11. h3 Nc5 12. Bxc5 dxc5 13. Qc2 Bxf3 14. gxf3 Nh5
15. O-O-O Nxf4 16. Nb3 Qg5 17. Bc4 Nd3+ 18. Kb1 Nf2 19. Qxf2 1-0